| 000 | 00918cam a2200229 a 4500 | ||
|---|---|---|---|
| 001 | 000007479 | ||
| 005 | 20200929154202.0 | ||
| 008 | 850516s1984 cr b f001 0 spa | ||
| 020 | _a9977590397 | ||
| 040 |
_aDO-SdBNP _cDLC _dDLC |
||
| 082 |
_aCa864.44 _bM743i |
||
| 100 | 1 |
_aMonge, Carlos Francisco, _d1951- _920783 |
|
| 245 | 1 | 3 |
_aLa imagen separada : _bmodelos ideológicos de la poesía costarricense, 1950-1980 / _cCarlos Francisco Monge. |
| 260 |
_aSan José, (Costa Rica) : _bInstituto del Libro ; _bMinisterio de Cultura, Juventud y Deportes, _c1984. |
||
| 300 |
_a204 p. ; _c21 cm. |
||
| 504 | _aBibliografía: p. 193-194. | ||
| 590 | _aLa biblioteca posee 1 copia autografiado por el aurtor. | ||
| 650 | 4 |
_aEnsayos costarricenses _ySIGLO XX _xHistoria y crítica _920784 |
|
| 650 | 4 |
_aLiteratura costarricense _ySIGLO XX _xHistoria y crítica _920785 |
|
| 910 | _aCatalogación por copia / LC | ||
| 049 | _aBNGR | ||
| 999 |
_c7260 _d7260 |
||